[Event "7th CHN-RUS w Rapid"]
[Site "Ningbo CHN"]
[Date "2010.08.13"]
[EventDate "2010.08.11"]
[Round "14"]
[Result "1-0"]
[White "Huang Qian"]
[Black "Natalia Pogonina"]
[WhiteElo "2447"]
[BlackElo "2501"]
[PlyCount "154"]

1. Nf3 e6 2. c4 Nf6 3. Nc3 d5 4. d4 Bb4 5. Qb3 Nc6 6. cxd5
exd5 7. Bg5 h6 8. Bd2 O-O 9. e3 Re8 10. Be2 a6 11. h3 Bf5
12. Rc1 Rb8 13. O-O Bd6 14. Kh1 Qd7 15. Ng1 Ne7 16. Na4 Ne4
17. Bb4 Bxb4 18. Qxb4 Nc6 19. Qa3 Qd8 20. Nc5 Qh4 21. Nxe4
Bxe4 22. Bf3 Re6 23. Bxe4 Qxe4 24. Qc3 Rg6 25. Nf3 Re8 26. Qc2
Qe6 27. a3 Rf6 28. Kh2 g5 29. Ng1 Kh8 30. Qd1 Rg8 31. Qg4 Qe7
32. Rc5 Qd8 33. Nf3 Ne7 34. Rc3 Nf5 35. e4 dxe4 36. Qxe4 Nd6
37. Qc2 c6 38. Rd1 Nb5 39. Re3 Nc7 40. Re5 Nd5 41. Rde1 Qc8
42. R5e4 Qf5 43. Qd2 g4 44. hxg4 Rxg4 45. Rxg4 Qxg4 46. Ne5
Qh4+ 47. Kg1 Rf5 48. Nf3 Qh5 49. Re5 Kg7 50. Qd3 Rxe5 51. Nxe5
Qg5 52. Qf3 f6 53. Nd3 Kf7 54. Qe4 Qd2 55. Qh7+ Kf8 56. Qf5 b6
57. Ne5 Qc1+ 58. Kh2 Qf4+ 59. Qxf4 Nxf4 60. Nxc6 Nd3 61. Nb8
Ke7 62. Nxa6 Nxf2 63. Nb4 Kd6 64. Kg3 Nd1 65. b3 Nc3 66. Kf4
Nb1 67. Kf5 Nxa3 68. Kxf6 Nb5 69. Nc2 Nc3 70. Kg6 Ne4 71. Kxh6
Nd2 72. b4 Ne4 73. g4 Kd5 74. g5 Kc4 75. g6 Kb3 76. g7 Nf6
77. Kg6 Ng8 1-0

[Event "7th CHN-RUS w Rapid"]
[Site "Ningbo CHN"]
[Date "2010.08.13"]
[EventDate "2010.08.11"]
[Round "15"]
[Result "0-1"]
[White "Ding Yixin"]
[Black "Natalia Pogonina"]
[WhiteElo "2385"]
[BlackElo "2501"]
[PlyCount "122"]

1. e4 e5 2. Nf3 Nc6 3. Bb5 a6 4. Ba4 Nf6 5. O-O Be7 6. Bxc6
dxc6 7. d3 Bd6 8. d4 Bg4 9. dxe5 Bxf3 10. gxf3 Bxe5 11. f4 Bd4
12. e5 Ne4 13. Qe2 Nxf2 14. Rxf2 Bxf2+ 15. Kxf2 Qh4+ 16. Kg2
O-O-O 17. Nc3 f6 18. Qf2 Qh5 19. Qf3 Qg6+ 20. Qg3 Qxc2+
21. Qf2 Qf5 22. Be3 fxe5 23. fxe5 Qxe5 24. Bf4 Qf5 25. Rf1
Rhf8 26. Be3 Qg6+ 27. Qg3 Qc2+ 28. Rf2 Rxf2+ 29. Qxf2 Qd3
30. h3 b6 31. Qe2 Qxe2+ 32. Nxe2 c5 33. Kf3 Kb7 34. h4 Kc6
35. Nc3 b5 36. h5 c4 37. Ne2 b4 38. Bd4 g6 39. h6 Kd5 40. Bg7
c5 41. Nf4+ Kc6 42. Ke2 g5 43. Nh3 Rd5 44. Nf2 a5 45. Ng4 Rd8
46. Ne3 Re8 47. Kd2 Re4 48. b3 c3+ 49. Kd3 Rf4 50. Nc4 Rf2
51. Nxa5+ Kb5 52. Nc4 Rxa2 53. Be5 g4 54. Bf4 Rf2 55. Be3 Rf6
56. Ne5 g3 57. Ng4 Rd6+ 58. Kc2 g2 59. Bg1 Rd2+ 60. Kc1 Re2
61. Kd1 Ra2 0-1

[Event "60th Russian Women's Superfinal"]
[Site "Moscow RUS"]
[Date "2010.11.16"]
[EventDate "2010.11.16"]
[Round "1"]
[Result "1/2-1/2"]
[White "Natalia Pogonina"]
[Black "Olga Girya"]
[WhiteElo "2472"]
[BlackElo "2435"]
[PlyCount "110"]

1. e4 c6 2. d4 d5 3. f3 e6 4. Nc3 Bb4 5. Ne2 Ne7 6. Be3 O-O
7. a3 Ba5 8. Qd2 Nd7 9. Ng3 e5 10. dxe5 Nxe5 11. O-O-O Qc7
12. Bd4 dxe4 13. Ngxe4 Bb6 14. Bxb6 axb6 15. Be2 Be6 16. Qd6
Rfc8 17. Rhe1 N5g6 18. g3 Nd5 19. Nxd5 Bxd5 20. Qxc7 Rxc7
21. Nc3 Be6 22. f4 Kf8 23. Bf3 Rd7 24. Rxd7 Bxd7 25. Ne4 Ne7
26. Rd1 Be8 27. Nd6 Ra7 28. c4 f6 29. Bg4 Bf7 30. Nxf7 Kxf7
31. Rd8 Ra4 32. Be2 Ke6 33. Kc2 Nf5 34. Kc3 Nd6 35. Bd3 f5
36. Rg8 Kf7 37. Rb8 Ke6 38. Kb3 Ra5 39. Kc3 Ra4 40. h3 h6
41. g4 fxg4 42. hxg4 Kf6 43. Rd8 Ke7 44. Rg8 Kf7 45. Rh8 b5
46. b3 Rxa3 47. cxb5 cxb5 48. g5 hxg5 49. fxg5 Ra1 50. Rd8 Ke7
51. Rg8 Kf7 52. Rd8 Ke7 53. Rg8 Kf7 54. Rd8 Ke7 55. Rg8 Kf7
1/2-1/2

[Event "60th Russian Women's Superfinal"]
[Site "Moscow RUS"]
[Date "2010.11.17"]
[EventDate "2010.11.16"]
[Round "2"]
[Result "1/2-1/2"]
[White "Alisa Galliamova"]
[Black "Natalia Pogonina"]
[WhiteElo "2487"]
[BlackElo "2472"]
[PlyCount "106"]

1. d4 Nf6 2. g3 d5 3. Bg2 Bf5 4. c4 c6 5. Qb3 Qb6 6. Nc3 e6
7. c5 Qa6 8. Bf1 b5 9. a4 Nbd7 10. e3 Qa5 11. Bd2 b4 12. Na2
Rb8 13. Bxb4 Qc7 14. a5 h5 15. f3 h4 16. Ne2 hxg3 17. Nxg3 Bg6
18. Qa4 e5 19. O-O-O Be7 20. Bd3 O-O 21. Bxg6 fxg6 22. Qc2 Kf7
23. Bc3 Rh8 24. Nb4 Rbc8 25. Nd3 exd4 26. exd4 Nh5 27. Nxh5
Rxh5 28. f4 Nf8 29. Ne5+ Kg8 30. Rdf1 Bf6 31. Nxg6 Nxg6
32. Qxg6 Rh3 33. Qc2 Re8 34. Rhg1 Re4 35. Rg4 Rhe3 36. Rd1 Re2
37. Rd2 Re1+ 38. Rd1 R1e2 39. Qb3 Rxf4 40. Rxf4 Qxf4+ 41. Kb1
Qf5+ 42. Ka2 a6 43. Ka3 Qf3 44. Rg1 Qf4 45. Qb7 Re3 46. Qxc6
Qxd4 47. Rg3 Rxg3 48. hxg3 Qd3 49. Qe8+ Kh7 50. Qh5+ Kg8
51. Qe8+ Kh7 52. Qh5+ Kg8 53. Qe8+ Kh7 1/2-1/2

[Event "60th Russian Women's Superfinal"]
[Site "Moscow RUS"]
[Date "2010.11.18"]
[EventDate "2010.11.16"]
[Round "3"]
[Result "1-0"]
[White "Natalia Pogonina"]
[Black "Anastasia Bodnaruk"]
[WhiteElo "2472"]
[BlackElo "2407"]
[PlyCount "133"]

1. e4 c5 2. Nf3 d6 3. d4 cxd4 4. Nxd4 Nf6 5. Nc3 a6 6. Be2
Nbd7 7. O-O g6 8. Re1 Bg7 9. a4 O-O 10. Be3 e6 11. Nb3 Qc7
12. Qd2 b6 13. Rad1 Ne8 14. Bh6 Bb7 15. Bxg7 Kxg7 16. h4 Rd8
17. h5 Nc5 18. Nxc5 Qxc5 19. Qd4+ f6 20. hxg6 hxg6 21. Rd3 Rh8
22. Red1 Rh4 23. Qxc5 bxc5 24. g3 Rh7 25. Bf3 Bc6 26. b3 Kf7
27. Ne2 Ke7 28. Bg2 e5 29. f4 Nc7 30. R3d2 Ne6 31. a5 Rhh8
32. c3 Rd7 33. Kf2 c4 34. b4 Rh2 35. Kg1 Rxg2+ 36. Kxg2 Bxe4+
37. Kf2 d5 38. Ke3 Kd6 39. fxe5+ fxe5 40. Rf1 Rh7 41. Rb2 Rb7
42. Rd2 Ke7 43. Nc1 Rb8 44. Rh2 Bf5 45. Rh7+ Kd6 46. Ne2 d4+
47. cxd4 Rxb4 48. dxe5+ Kxe5 49. Rc1 Ra4 50. Rc3 Nc5 51. Re7+
Kd6 52. Ra7 Ne4 53. Rc1 Nc5 54. Rc3 Bd7 55. Ra8 g5 56. Rg8 g4
57. Rg6+ Ke5 58. Rg5+ Kd6 59. Nf4 Rb4 60. Rd5+ Kc6 61. Kd4
Nb3+ 62. Ke5 Bc8 63. Nd3 Ra4 64. Nb2 Rb4 65. Nxc4 Nc5
66. Rxc5+ Kxc5 67. Nd6+ 1-0

[Event "60th Russian Women's Superfinal"]
[Site "Moscow RUS"]
[Date "2010.11.20"]
[EventDate "2010.11.16"]
[Round "5"]
[Result "1-0"]
[White "Natalia Pogonina"]
[Black "Vera Nebolsina"]
[WhiteElo "2472"]
[BlackElo "2377"]
[PlyCount "57"]

1. e4 c5 2. Nf3 Nc6 3. d4 cxd4 4. Nxd4 Nf6 5. Nc3 e5 6. Ndb5
d6 7. a4 a6 8. Na3 Bg4 9. f3 Be6 10. Bc4 Qa5 11. Bxe6 fxe6
12. O-O Be7 13. Bg5 O-O 14. Qd3 Rad8 15. Rad1 Nd4 16. Kh1 d5
17. exd5 exd5 18. f4 Bc5 19. Bxf6 Rxf6 20. fxe5 Rxf1+ 21. Rxf1
Qc7 22. Re1 Qf7 23. Nd1 Rf8 24. Ne3 Qh5 25. c3 Ne6 26. Qxd5
Bxe3 27. Qxe6+ Kh8 28. h3 Bd2 29. Qd6 1-0

[Event "60th Russian Women's Superfinal"]
[Site "Moscow RUS"]
[Date "2010.11.21"]
[EventDate "2010.11.16"]
[Round "6"]
[Result "1-0"]
[White "Valentina Gunina"]
[Black "Natalia Pogonina"]
[WhiteElo "2479"]
[BlackElo "2472"]
[PlyCount "109"]

1. d4 Nf6 2. Nf3 d5 3. c4 e6 4. Nc3 Be7 5. Bg5 h6 6. Bh4 O-O
7. e3 Ne4 8. Bxe7 Qxe7 9. Rc1 c6 10. Bd3 Nxc3 11. Rxc3 dxc4
12. Bxc4 Nd7 13. O-O b6 14. Bd3 c5 15. Bb5 Rd8 16. Bc6 Rb8
17. Qc2 Nf6 18. dxc5 bxc5 19. b3 Ba6 20. Rc1 Nd5 21. Bxd5 Rxd5
22. e4 Rdd8 23. h3 c4 24. bxc4 Qc5 25. Nd2 Bb7 26. Nb3 Qe5
27. Re3 Bc6 28. Qc3 Qc7 29. Rg3 e5 30. Rd3 Rxd3 31. Qxd3 Rd8
32. Qe3 Qd7 33. f3 f6 34. c5 Bb5 35. Qc3 Kh7 36. c6 Qc7
37. Qa5 Qb6+ 38. Kh2 Rc8 39. c7 Kg6 40. Rc5 Bd7 41. Qc3 h5
42. f4 exf4 43. Qf3 Kf7 44. Qxh5+ Kf8 45. e5 Rxc7 46. Qh8+ Kf7
47. exf6 gxf6 48. Rh5 f3 49. Rh7+ Ke6 50. Qg8+ Kd6 51. Qg3+
Ke6 52. Qg4+ Kd6 53. Qf4+ Kc6 54. Qxf3+ Kb5 55. Qd5+ 1-0

[Event "60th Russian Women's Superfinal"]
[Site "Moscow RUS"]
[Date "2010.11.24"]
[EventDate "2010.11.16"]
[Round "8"]
[Result "1/2-1/2"]
[White "Svetlana Matveeva"]
[Black "Natalia Pogonina"]
[WhiteElo "2389"]
[BlackElo "2472"]
[PlyCount "38"]

1. d4 Nf6 2. c4 e6 3. Nc3 Bb4 4. Qc2 d5 5. a3 Bxc3+ 6. Qxc3
O-O 7. Nf3 dxc4 8. Qxc4 b6 9. Bg5 Ba6 10. Qa4 c5 11. dxc5 bxc5
12. Rd1 Qb6 13. Bxf6 gxf6 14. Rd2 Nc6 15. Qg4+ Kh8 16. Qh4 Kg7
17. Qg4+ Kh8 18. Qh4 Kg7 19. Qg4+ Kh8 1/2-1/2

[Event "60th Russian Women's Superfinal"]
[Site "Moscow RUS"]
[Date "2010.11.25"]
[EventDate "2010.11.16"]
[Round "9"]
[Result "1/2-1/2"]
[White "Natalia Pogonina"]
[Black "Nadezhda Kosintseva"]
[WhiteElo "2472"]
[BlackElo "2576"]
[PlyCount "176"]

1. e4 e5 2. Nf3 Nc6 3. Bb5 a6 4. Ba4 Nf6 5. O-O b5 6. Bb3 Bc5
7. a4 Rb8 8. d3 d6 9. axb5 axb5 10. Nc3 Bg4 11. Be3 O-O 12. h3
Bxf3 13. Qxf3 Nd4 14. Bxd4 Bxd4 15. Ra2 Bxc3 16. bxc3 Ra8
17. Rfa1 Rxa2 18. Rxa2 Qd7 19. Ra6 Qc8 20. Ra7 Qb8 21. Qe3 c5
22. Ra6 Rd8 23. Bd5 Nxd5 24. exd5 h6 25. Qe4 Qb7 26. Rc6 Qd7
27. Qg4 Qa7 28. Kh2 Qb7 29. Qf5 b4 30. cxb4 cxb4 31. Qg4 b3
32. cxb3 Qxb3 33. Qh4 Rd7 34. Rc8+ Kh7 35. Qe4+ g6 36. Rc6 Kg7
37. Qc4 Qb2 38. Qg4 Ra7 39. Qf3 Qb8 40. Qe3 Ra5 41. Qe4 Rb5
42. Qf3 Rb4 43. Rc4 Rxc4 44. dxc4 Qb2 45. Qe3 Qb4 46. Qd3 f5
47. f4 e4 48. Qd4+ Kf7 49. Qa7+ Kg8 50. Qc7 h5 51. Qd8+ Kf7
52. Qd7+ Kf8 53. Qe6 Kg7 54. Qe7+ Kg8 55. Qf6 Kh7 56. Qf7+ Kh6
57. Qg8 Qc3 58. Qf8+ Kh7 59. Qxd6 e3 60. Qe7+ Kh6 61. Qf8+ Kh7
62. Qe7+ Kh6 63. d6 Qd4 64. Kg3 Qd2 65. Qe5 Kh7 66. d7 e2
67. d8=Q Qxd8 68. Qxe2 h4+ 69. Kh2 Qc7 70. Qe5 Qxc4 71. Qe7+
Kg8 72. Qxh4 Qe6 73. Qd8+ Kf7 74. Qc7+ Kf8 75. Qc3 Kf7 76. Kg3
Qd6 77. Qc4+ Kg7 78. h4 Qa3+ 79. Kh2 Qd6 80. Qc3+ Kh7 81. Qe5
Qd8 82. Qe1 Qd6 83. Qg3 Qd1 84. Qg5 Qe2 85. Qf6 Qd1 86. Qg5
Qe2 87. Qf6 Qd1 88. Qg5 Qe2 1/2-1/2

[Event "Tradewise Gibraltar"]
[Site "Catalan Bay GIB"]
[Date "2011.01.30"]
[EventDate "2011.01.25"]
[Round "6"]
[Result "1-0"]
[White "Natalia Pogonina"]
[Black "Juan Antonio Urbina Perez"]
[WhiteElo "2472"]
[BlackElo "2189"]
[PlyCount "73"]

1. e4 c5 2. Nf3 d6 3. d4 cxd4 4. Nxd4 Nf6 5. Nc3 a6 6. Be2 e5
7. Nb3 Be7 8. O-O O-O 9. Re1 Be6 10. Bf3 Nbd7 11. a4 Qc7
12. Nd2 Rfc8 13. Nf1 h6 14. Ne3 Qc6 15. a5 b5 16. axb6 Nxb6
17. Qd3 a5 18. Ned5 Bxd5 19. exd5 Qc4 20. Qe3 Nfd7 21. Be2 Qb4
22. Qh3 a4 23. Bd2 Bg5 24. Bxg5 hxg5 25. Bg4 Rc7 26. Ne4 Nf6
27. c3 Qc4 28. Bf3 Nbxd5 29. Nxf6+ gxf6 30. Be4 Raa7 31. Qh6
Qc5 32. Rad1 Nf4 33. Bh7+ Kh8 34. Bf5+ Kg8 35. Qxf6 Rab7
36. Rxd6 Rb8 37. Red1 1-0

[Event "Tradewise Gibraltar"]
[Site "Catalan Bay GIB"]
[Date "2011.02.03"]
[EventDate "2011.01.25"]
[Round "10.40"]
[Result "1-0"]
[White "Natalia Pogonina"]
[Black "Andre Oberhofer"]
[WhiteElo "2472"]
[BlackElo "2270"]
[PlyCount "191"]

1. e4 e5 2. Nf3 Nc6 3. Bb5 Nf6 4. d3 d6 5. d4 Be7 6. Nc3 exd4
7. Nxd4 Bd7 8. O-O O-O 9. Nxc6 bxc6 10. Be2 Ne8 11. f4 f5
12. e5 g6 13. Be3 Ng7 14. Qd2 Be8 15. Rad1 Ne6 16. Qd3 Bf7
17. Qa6 Qd7 18. Kh1 Rfd8 19. Bf3 d5 20. Na4 Qe8 21. c4 Nf8
22. h3 Rab8 23. a3 Rb3 24. Bg1 g5 25. fxg5 Bxg5 26. Bh2 f4
27. Nc3 Rxb2 28. cxd5 Qxe5 29. Qxc6 Rc2 30. Rc1 Rxc1 31. Rxc1
Be7 32. a4 Ba3 33. Rd1 Bb2 34. Ne2 Ng6 35. Qc4 Ba3 36. Bxf4
Nxf4 37. Qxf4 Qxf4 38. Nxf4 Bd6 39. Ne6 Rb8 40. Nd4 Rb4 41. a5
Ra4 42. Nc6 Be8 43. Nxa7 Bd7 44. Nc6 Bxc6 45. dxc6 Rxa5
46. Kg1 Kg7 47. Kf2 Kf6 48. Ke3 Kg5 49. h4+ Kf6 50. h5 h6
51. Kd4 Ra4+ 52. Kd5 Ra5+ 53. Kc4 Rc5+ 54. Kd4 Rb5 55. Re1 Re5
56. Rb1 Bc5+ 57. Kc4 Bd6 58. Rb8 Kf7 59. Rd8 Kf6 60. Rd7 Ra5
61. Rh7 Bf4 62. g3 Bxg3 63. Rxh6+ Kg5 64. Rg6+ Kf4 65. Bd5
Ra4+ 66. Kb5 Rd4 67. Bg8 Kf3 68. h6 Rh4 69. h7 Be5 70. Re6 Kf4
71. Ka6 Kf5 72. Kb7 Bh2 73. Re7 Kf6 74. Rd7 Kg6 75. Kc8 Rh3
76. Bb3 Be5 77. Bc2+ Kf6 78. Rd8 Kf7 79. Rg8 Rh2 80. Bg6+ Ke7
81. Re8+ Kd6 82. Bf5 Rh6 83. Kb7 Rh4 84. Re6+ Kd5 85. Kc8 Bh2
86. Kd7 Be5 87. Re8 Rh6 88. Bg6 Rh4 89. Ra8 Rh6 90. Ra5+ Kd4
91. Ke8 Bh8 92. Kf7 Rh2 93. Kg8 Rg2 94. Kxh8 Rxg6 95. Ra7 Kc5
96. Rxc7 1-0

[Event "Polugaevsky Memorial"]
[Site "Samara"]
[Date "2011.07.05"]
[EventDate "?"]
[Round "1"]
[Result "0-1"]
[White "Viktor Sevastianov"]
[Black "Natalia Pogonina"]
[WhiteElo "2003"]
[BlackElo "2442"]
[PlyCount "64"]

1. d4 Nf6 2. Nf3 c5 3. e3 g6 4. b3 Bg7 5. Bb2 b6 6. Bd3 O-O
7. O-O Bb7 8. Nbd2 d5 9. Ne5 Nc6 10. Nxc6 Bxc6 11. dxc5 bxc5
12. c4 d4 13. e4 e5 14. Qe2 Qc7 15. Rfe1 Nh5 16. g3 Nf6
17. Bc1 a5 18. a4 Ne8 19. Ba3 Bb7 20. Rab1 Nd6 21. f3 f5
22. Rf1 Bh6 23. exf5 Be3+ 24. Kg2 gxf5 25. Rb2 e4 26. fxe4
fxe4 27. Qg4+ Kh8 28. Nxe4 Qc6 29. Rxf8+ Rxf8 30. Re2 Nxe4
31. Rxe3 dxe3 32. Bb2+ Nf6+ 0-1

[Event "Polugaevsky Memorial"]
[Site "Samara"]
[Date "2011.07.06"]
[EventDate "?"]
[Round "2"]
[Result "1/2-1/2"]
[White "Natalia Pogonina"]
[Black "Ramil Sadykov"]
[WhiteElo "2442"]
[BlackElo "2230"]
[PlyCount "66"]

1. e4 c5 2. Nf3 g6 3. c3 Bg7 4. d4 cxd4 5. cxd4 d5 6. e5 Nc6
7. Be2 Nh6 8. O-O Bg4 9. Nbd2 Nf5 10. Nb3 O-O 11. h3 Bxf3
12. Bxf3 e6 13. g4 Nh4 14. Bh1 f5 15. exf6 Qxf6 16. Be3 g5
17. Re1 Rae8 18. Rc1 Kh8 19. Rf1 Ng6 20. Nc5 Re7 21. Nxb7 Nxd4
22. Na5 Nf4 23. Bxd4 Qxd4 24. Qxd4 Bxd4 25. Rc2 Ref7 26. Bg2
Nd3 27. Nc6 Bb6 28. Kh2 Nxf2 29. Re1 Bc7+ 30. Kg1 Bb6 31. Kh2
Bc7+ 32. Kg1 Bb6 33. Kh2 Bc7+ 1/2-1/2

[Event "Polugaevsky Memorial"]
[Site "Samara"]
[Date "2011.07.07"]
[EventDate "?"]
[Round "3"]
[Result "0-1"]
[White "Alexander Zhurikhin"]
[Black "Natalia Pogonina"]
[WhiteElo "2223"]
[BlackElo "2442"]
[PlyCount "76"]

1. e4 e5 2. Nf3 d6 3. d4 exd4 4. Nxd4 Nf6 5. Nc3 Be7 6. h3 O-O
7. g3 d5 8. e5 Ne8 9. Bg2 c5 10. Nde2 d4 11. Nd5 Nc6 12. f4 f6
13. exf6 Nxf6 14. Nxe7+ Qxe7 15. O-O Bf5 16. g4 Be4 17. Ng3
Bxg2 18. Kxg2 Nd5 19. Qf3 Qd7 20. Bd2 Rae8 21. Rae1 Ne5
22. Qb3 c4 23. Qa3 c3 24. Bc1 Nc4 25. Qb3 cxb2 26. Bxb2 Nce3+
27. Rxe3 Rxe3 28. Qc4 Re6 29. Bxd4 Nxf4+ 30. Kh2 Rc8 31. Qb3
Qxd4 32. Rxf4 Qd2+ 33. Kh1 Qe3 34. Qxb7 Ree8 35. Qf7+ Kh8
36. Ne4 Qxh3+ 37. Kg1 Qe3+ 38. Kh1 h6 0-1

[Event "Polugaevsky Memorial"]
[Site "Samara"]
[Date "2011.07.09"]
[EventDate "?"]
[Round "5"]
[Result "1/2-1/2"]
[White "Natalia Pogonina"]
[Black "Artur Gabrielian"]
[WhiteElo "2442"]
[BlackElo "2539"]
[PlyCount "122"]

1. e4 c5 2. Nf3 d6 3. d4 cxd4 4. Nxd4 Nf6 5. Nc3 a6 6. Be2 e6
7. O-O Be7 8. f4 O-O 9. Kh1 Qc7 10. Be3 b5 11. Bf3 Bb7 12. e5
dxe5 13. fxe5 Nfd7 14. Bf4 Nc6 15. Nxc6 Bxc6 16. Bxc6 Qxc6
17. Qg4 f5 18. exf6 Nxf6 19. Qf3 Rac8 20. a3 Qc4 21. Qd3 Qxd3
22. cxd3 Bxa3 23. Rxa3 b4 24. Raa1 bxc3 25. bxc3 Rxc3 26. Bd6
Ra8 27. Be5 Rxd3 28. Bxf6 gxf6 29. Rxf6 Re3 30. h3 a5 31. Ra4
Kg7 32. Rf2 h5 33. h4 Rb3 34. Rfa2 Rb5 35. g4 hxg4 36. Rxg4+
Kf6 37. Kg2 Rf5 38. Rga4 Ke7 39. Re4 Rb8 40. Rae2 Rb6 41. Kg3
Rfb5 42. Ra4 Kf6 43. Rf2+ Ke7 44. Re2 Rb3+ 45. Kf2 R6b5
46. Rae4 Rf5+ 47. Kg2 Rb6 48. Kg3 Kf6 49. Kg2 Rfb5 50. Rf2+
Kg6 51. Ra4 e5 52. Rf3 Rd5 53. Rfa3 Rbb5 54. Kg3 Kf5 55. Rf3+
Ke6 56. Rfa3 Kd6 57. h5 e4 58. h6 Rh5 59. Kf4 Rbe5 60. h7 Rxh7
61. Rxa5 Rxa5 1/2-1/2

[Event "Polugaevsky Memorial"]
[Site "Samara"]
[Date "2011.07.12"]
[EventDate "?"]
[Round "8"]
[Result "1/2-1/2"]
[White "Natalia Pogonina"]
[Black "Alexander A Kholopov"]
[WhiteElo "2442"]
[BlackElo "2312"]
[PlyCount "58"]

1. e4 g6 2. d4 c6 3. Nc3 d5 4. h3 Bg7 5. Nf3 Nf6 6. e5 Ne4
7. Bd3 Nxc3 8. bxc3 c5 9. O-O Nc6 10. a4 O-O 11. Ba3 c4
12. Be2 Qa5 13. Qd2 Re8 14. Rfb1 f6 15. exf6 exf6 16. Bd6 Qd8
17. Bg3 b6 18. Re1 Bf5 19. Nh4 Be6 20. Nf3 Qd7 21. Nh2 Re7
22. Bf3 Rae8 23. Rab1 Bf5 24. Rxe7 Rxe7 25. Rb5 Be4 26. Bg4
Bf5 27. Bf3 Be4 28. Bg4 Bf5 29. Bf3 Be4 1/2-1/2

[Event "European Club Cup (Women)"]
[Site "Rogaska Slatina SLO"]
[Date "2011.09.30"]
[EventDate "2011.09.25"]
[Round "6.1"]
[Result "1/2-1/2"]
[White "Lilit Mkrtchian"]
[Black "Natalia Pogonina"]
[WhiteElo "2475"]
[BlackElo "2446"]
[PlyCount "111"]

1. d4 Nf6 2. c4 e6 3. Nc3 Bb4 4. e3 O-O 5. Bd3 d5 6. Nf3 Nc6
7. O-O a6 8. c5 b6 9. cxb6 cxb6 10. Bd2 Bb7 11. Rc1 Bd6
12. Qe2 e5 13. dxe5 Nxe5 14. Nd4 Nxd3 15. Qxd3 g6 16. Nf3 Ne4
17. Rfd1 Nc5 18. Qe2 Qf6 19. Be1 Rad8 20. Nb1 Ne4 21. Bc3 Qf5
22. Qd3 Qh5 23. Qd4 Nxc3 24. Nxc3 Bc5 25. Qf6 d4 26. Nxd4 Rd6
27. Qf4 Rfd8 28. h3 R6d7 29. Ne4 Bxe4 30. Qxe4 Qd5 31. Qxd5
Rxd5 32. Rd2 Bxd4 33. Rcd1 Ra5 34. a3 Rb5 35. b4 Rc8 36. Rxd4
Kg7 37. Rf4 g5 38. Re4 a5 39. Rd7 axb4 40. Rxb4 Rf5 41. g4 Rf6
42. Rd2 Kg6 43. Rb5 Rc3 44. Rdb2 Rcc6 45. Kg2 h6 46. Kg3 Kg7
47. a4 Rcd6 48. h4 gxh4+ 49. Kxh4 Rf3 50. Rf5 Rxf5 51. gxf5
Rc6 52. Rb5 Rc4+ 53. Kh5 Rxa4 54. Rxb6 Ra2 55. f3 Ra3 56. f6+
1/2-1/2

[Event "European Team Championship (Women)"]
[Site "Porto Carras GRE"]
[Date "2011.11.07"]
[EventDate "2011.11.03"]
[Round "5"]
[Result "1-0"]
[White "Natalia Pogonina"]
[Black "Salome Melia"]
[WhiteElo "2451"]
[BlackElo "2392"]
[PlyCount "48"]

1. e4 c6 2. d4 d5 3. e5 Bf5 4. Nf3 e6 5. Be2 Ne7 6. O-O Bg6
7. c3 Nf5 8. Nbd2 Be7 9. Nb3 Nd7 10. a4 O-O 11. a5 a6 12. Bf4
Rc8 13. c4 Bh5 14. Rc1 Nh4 15. Nxh4 Bxe2 16. Qxe2 Bxh4 17. Qg4
Kh8 18. Rc3 dxc4 19. Nd2 Be7 20. Rh3 Re8 21. Nxc4 Nf8 22. Rd1
Rc7 23. Nb6 Bb4 24. Rdd3 Kg8 1-0

[Event "FIDE Women's World Team Championship"]
[Site "Mardin TUR"]
[Date "2011.12.25"]
[EventDate "2011.12.18"]
[Round "7"]
[Result "0-1"]
[White "Ebru Kaplan"]
[Black "Natalia Pogonina"]
[WhiteElo "1849"]
[BlackElo "2451"]
[PlyCount "128"]

1. e4 c5 2. Nf3 Nc6 3. d4 cxd4 4. Nxd4 Nf6 5. Nc3 d6 6. Be3 e5
7. Ndb5 a6 8. Na3 b5 9. Nd5 Nxd5 10. exd5 Nb8 11. c4 Be7
12. cxb5 O-O 13. Qd2 f5 14. f4 Nd7 15. Bc4 exf4 16. Bxf4 Nc5
17. O-O Bf6 18. Rad1 Ne4 19. Qe2 Re8 20. Be3 Be5 21. Rf3 f4
22. Bf2 Nxf2 23. Qxf2 Bg4 24. bxa6 Bxf3 25. gxf3 Qa5 26. Qd2
Qc7 27. b4 Reb8 28. Rb1 g5 29. Qf2 Qg7 30. Kh1 Bd4 31. Qg2 h6
32. Nc2 Ba7 33. a4 Qc3 34. Qe2 Rc8 35. Rb3 Qf6 36. a5 g4
37. fxg4 Re8 38. Qf3 Rac8 39. Bd3 Rxc2 40. Bxc2 Re1+ 41. Kg2
Qh4 42. Rb1 Re3 43. Qxf4 Qh3+ 44. Kh1 Rf3 45. Qc4 Rf2 46. Qc8+
Kg7 47. Qd7+ Rf7 48. Qxf7+ Kxf7 49. Be4 Bd4 50. Bg2 Qd3
51. Rf1+ Kg7 52. Re1 Qxa6 53. Re7+ Kf8 54. Re6 Qc4 55. Re1
Qxb4 56. Rd1 Qxa5 57. Rc1 Be5 58. Rf1+ Kg7 59. Rd1 Qa4 60. Rf1
Qxg4 61. Rf3 Qh4 62. Kg1 Bxh2+ 63. Kf1 Qc4+ 64. Kf2 Qc2+ 0-1

[Event "FIDE Women's World Team Championship"]
[Site "Mardin TUR"]
[Date "2011.12.26"]
[EventDate "2011.12.18"]
[Round "8"]
[Result "1-0"]
[White "Natalia Pogonina"]
[Black "Lauren van Niekerk"]
[WhiteElo "2451"]
[BlackElo "1607"]
[PlyCount "75"]

1. e4 c5 2. Nf3 e6 3. d4 cxd4 4. Nxd4 a6 5. Bd3 Qc7 6. O-O Bc5
7. Nb3 Be7 8. Nc3 Nf6 9. f4 d6 10. e5 Nfd7 11. exd6 Bxd6
12. Qf3 Nc6 13. a3 O-O 14. Be3 b5 15. Bxb5 Bb7 16. Qd1 Nf6
17. Bd3 Rfd8 18. Qe2 Ne7 19. Bd2 Ned5 20. Nxd5 Bxd5 21. Ba5
Bc5+ 22. Kh1 Bb6 23. Bc3 Bxb3 24. cxb3 Nd5 25. Be5 Qa7 26. Qe4
g6 27. Qe2 Ne3 28. Rfe1 Ng4 29. Qxg4 Rxd3 30. Rad1 Rad8 31. b4
Qd7 32. Rxd3 Qxd3 33. h3 Qc2 34. Qf3 h6 35. Bf6 Rb8 36. Qe2
Qf5 37. Be5 Ra8 38. g4 1-0

[Event "FIDE Women's World Team Championship"]
[Site "Mardin TUR"]
[Date "2011.12.27"]
[EventDate "2011.12.18"]
[Round "9"]
[Result "1/2-1/2"]
[White "Nelly Aginian"]
[Black "Natalia Pogonina"]
[WhiteElo "2263"]
[BlackElo "2451"]
[PlyCount "24"]

1. e4 e6 2. d4 d5 3. Nd2 c5 4. exd5 exd5 5. Ngf3 Nc6 6. Bb5
Bd6 7. dxc5 Bxc5 8. Nb3 Bd6 9. O-O Ne7 10. c3 O-O 11. Re1 Bg4
12. Be2 Re8 1/2-1/2

[Event "European Individual Women's Championship"]
[Site "Gaziantep TUR"]
[Date "2012.03.10"]
[EventDate "2012.03.02"]
[Round "8"]
[Result "1-0"]
[White "Natalia Pogonina"]
[Black "Natascha Bojkovic"]
[WhiteElo "2449"]
[BlackElo "2395"]
[PlyCount "121"]

1. e4 c5 2. Nf3 e6 3. d4 cxd4 4. Nxd4 Nc6 5. Nc3 d6 6. Be2 Nf6
7. O-O Be7 8. Kh1 O-O 9. f4 Bd7 10. Be3 Nxd4 11. Bxd4 Bc6
12. Bd3 Nd7 13. Qe2 a6 14. a4 Qc7 15. Rae1 Rad8 16. Nd5 exd5
17. exd5 Bf6 18. Qe4 g6 19. dxc6 Qxc6 20. Bxf6 Nxf6 21. Qd4
Nh5 22. f5 Rde8 23. Be4 Qd7 24. Rd1 Qc7 25. c3 Re5 26. Bf3
Rxf5 27. g4 Rxf3 28. Rxf3 Ng7 29. Qxd6 Qc4 30. Qf4 Qb3 31. Rd2
Qe6 32. Re3 Qb6 33. Qd4 Qc7 34. h3 h5 35. Kg2 Qc6+ 36. Qe4 Qb6
37. Rf3 Ne6 38. Qb4 Qc6 39. Rd6 Qc8 40. gxh5 g5 41. h6 Rd8
42. Qb6 Re8 43. Qf2 Qc4 44. Rxf7 Qe4+ 45. Kg1 Nf4 46. Rxf4
gxf4 47. Qg2+ Qxg2+ 48. Kxg2 Re2+ 49. Kf3 Rxb2 50. Kxf4 Rc2
51. Rd3 b5 52. axb5 axb5 53. Ke4 Rb2 54. Kd4 Rb3 55. Re3 Kh7
56. Re6 b4 57. c4 Rxh3 58. c5 Rh4+ 59. Kd5 Rh5+ 60. Kc4 Rh4+
61. Kb3 1-0

[Event "Russian Team Championships"]
[Site "Sochi RUS"]
[Date "2012.04.14"]
[EventDate "2012.04.09"]
[Round "6"]
[Result "1/2-1/2"]
[White "Natalia Pogonina"]
[Black "Aleksandr Poluljahov"]
[WhiteElo "2449"]
[BlackElo "2505"]
[PlyCount "66"]

1. e4 c5 2. Nf3 e6 3. d4 cxd4 4. Nxd4 a6 5. Nc3 b5 6. Bd3 d6
7. O-O Nf6 8. a3 Bb7 9. Kh1 Nbd7 10. Qe2 Be7 11. Bd2 O-O
12. f4 Nc5 13. b4 Nxd3 14. cxd3 Rc8 15. Rac1 Nd7 16. Rc2 Bf6
17. Nb3 e5 18. Na5 Ba8 19. f5 Bg5 20. Be1 Rc7 21. Bd2 Bxd2
22. Qxd2 Nf6 23. Nb3 Qb8 24. Rfc1 Qb6 25. Qe2 h5 26. h3 Rfc8
27. Kh2 Qa7 28. Kh1 Qb6 29. Kh2 Qa7 30. Kh1 Qb6 31. Kh2 Qa7
32. Kh1 Qb6 33. Kh2 Qa7 1/2-1/2